[Event "UK Armed Forces-ch"]
[White "Turvey, Adam"]
[Black "Kelly, Richard"]
[Site "Wittering"]
[Round "6"]
[Result "0-1"]
[Date "2023.04.16"]
[WhiteElo "1562"]
[BlackElo "1845"]
[PlyCount "119"]
[EventDate "2023.04.14"]
[EventType "swiss"]
[EventRounds "7"]
[EventCountry "ENG"]
[SourceTitle "EXT 2024"]
[Source "ChessBase"]
[SourceDate "2023.10.10"]
[SourceVersion "1"]
[SourceVersionDate "2023.10.10"]
[SourceQuality "1"]

1. d4 Nf6 2. Bf4 c5 3. d5 d6 4. Nc3 g6 5. e4 Bg7 6. Qd2 0-0 7. f3 Re8 8. Bc4 a6 9. a4 Nbd7 10. Bh6 Nf8 11. Bxg7 Kxg7 12. h4 h6 13. g4 N6h7 14. Nh3 e5 15. Qf2 Qb6 16. Ra2 Qb4 17. Be2 Bd7 18. Kf1 b5 19. a5 Qd4 20. Qe1 b4 21. Nd1 b3 22. cxb3 Reb8 23. Ra3 Bb5 24. Ng1 c4 25. Bxc4 Bxc4+ 26. bxc4 Qxc4+ 27. Ne2 Nd7 28. Qc3 Rc8 29. Ne3 Qb5 30. Qb3 Rc1+ 31. Nd1 Qxb3 32. Rxb3 Rxd1+ 33. Kg2 Rxh1 34. Kxh1 Rb8 35. Rxb8 Nxb8 36. b4 Kf8 37. Nc3 Ke7 38. Kg2 Kd7 39. Kg3 Nf6 40. Na4 Ne8 41. Nb6+ Kd8 42. Nc4 Nd7 43. Kf2 Ke7 44. Ke3 Nc7 45. Nb6 Nb5 46. Kd3 Nxb6 47. axb6 Kd7 48. Ke3 Kc8 49. f4 exf4+ 50. Kxf4 f6 51. g5 fxg5+ 52. hxg5 h5 53. e5 dxe5+ 54. Kxe5 Nc3 55. d6 h4 56. Kf4 Nd5+ 57. Kg4 Nxb6 58. Kxh4 Kd7 59. Kg4 Kxd6 60. Kf4 0-1

[Event "UK Armed Forces-ch"]
[White "Nganga, Charles"]
[Black "Turvey, Adam"]
[Site "Wittering"]
[Round "3"]
[Result "0-1"]
[Date "2023.04.15"]
[WhiteElo "1340"]
[BlackElo "1562"]
[PlyCount "88"]
[EventDate "2023.04.14"]
[EventType "swiss"]
[EventRounds "7"]
[EventCountry "ENG"]
[SourceTitle "EXT 2024"]
[Source "ChessBase"]
[SourceDate "2023.10.10"]
[SourceVersion "1"]
[SourceVersionDate "2023.10.10"]
[SourceQuality "1"]

1. d4 d5 2. e3 c6 3. Nf3 Bg4 4. Nbd2 e6 5. Bd3 Nd7 6. 0-0 Ngf6 7. a3 Be7 8. c4 0-0 9. b4 a6 10. Bb2 Bh5 11. Qb1 Bg6 12. Ne5 Nxe5 13. dxe5 Bxd3 14. Qxd3 Nd7 15. cxd5 cxd5 16. Rad1 Rc8 17. b5 Nc5 18. Qe2 Qb6 19. Bd4 Qxb5 20. Qg4 Qa4 21. Ra1 Nb3 22. Nxb3 Qxb3 23. a4 Rc4 24. Rfb1 Qd3 25. Rxb7 Rfc8 26. Rbb1 Rxa4 27. h3 Rxa1 28. Rxa1 h6 29. Qg3 Rc2 30. Rf1 Bc5 31. Bxc5 Rxc5 32. Qh4 Rc8 33. Ra1 Qb5 34. g4 a5 35. g5 Rc4 36. Qh5 hxg5 37. Qxg5 Rc8 38. h4 Qe2 39. h5 Rc4 40. f4 Qxe3+ 41. Kh1 Qh3+ 42. Kg1 Rc2 43. Rb1 Qh2+ 44. Kf1 Qf2# 0-1